| 000 | 00435nam a2200145Ia 4500 | ||
|---|---|---|---|
| 008 | 230718s9999 xx 000 0 und d | ||
| 041 | _aEng. | ||
| 082 |
_a306.03 _bدان-آ |
||
| 100 | _aدانش گاہ پنجاب لاہور | ||
| 245 | 0 | _aآردو دائرہ صارف اسلامیہ انسکلوپیڈیا | |
| 260 |
_aPakistan _bقائم گاہ رجسٹر دانش گاہ _c2016 |
||
| 300 | _a104 | ||
| 650 | _aLaw | ||
| 999 |
_c31084 _d31084 |
||